000 01349nam a22002177a 4500
008 230807s2023 xxk|||||o|||| 00| 0 eng d
020 _a9781783215010
041 _aeng
110 _aRoyal Institution of Chartered Surveyors
245 _aWomen in surveying:
_binsight report
_h[Electronic resource]
260 _aLondon,
_bRoyal Institution of Chartered Surveyors,
_cJuly 2023
300 _a25p.
490 _aInsight Report
520 _aFor the first time in the Institution’s history, RICS has produced a ‘Women in surveying: insight report’ that looks at the makeup of membership from a binary gender perspective and analyses the results of the flagship 2022 survey of women in the profession. The RICS aim is to share feedback and insight from women on what the barriers to progression and career longevity are so individuals, teams and organisations can reflect and further examine their own behaviours, policies and practices and, more importantly, begin their journey in taking positive action to deliver change with lasting impact
650 _aDIVERSITY
650 _aSURVEYING PROFESSION
651 _aUnited Kingdom
710 _aRoyal Institution of Chartered Surveyors
856 _uhttps://www.rics.org/content/dam/ricsglobal/documents/reports/Womenin-Surveying_FINAL.pdf
_zAvailable free on RICS.org
942 _n0
999 _c121638
_d121638